000 00506nam a22001937a 4500
999 _c3159
_d3159
003 OSt
005 20231023095119.0
008 231023b ||||| |||| 00| 0 eng d
020 _a9780435391928
040 _cKH8
082 _a400 MCL
100 _aMcLachlan, Anneli,
_eauthor.
245 _aMira 3 :
_bRojo CD /
_cAnneli McLachlan.
260 _aHarlow ;
_bHeinemann,
_c2008.
300 _c5.04 x 1.22 x 5.63 inches
500 _aCD-ROM
650 _aForeign language
_vCd-rom
942 _2ddc
_cMULTIMEDIA